000
00206 a2200097 4500
001
10911
100
_a
N. Y.
245
_a
Tahdia Sayra Daigest
260
_a
_b
daigest Publicashner
_c
090
_c
8482
_d
8482
942
_a
NUST-CAE
_c
M
_c
35247
999
_c
245984
_d
245984